00193nam a2200061Ia 4500008004100000100001700041245007300058120527s9999 xx 000 0 und d aHERZAN, Gene aQuick action couplings:the tractor to implement hydraulic interface